Statistics for Cities of Slovenia On a Map

Click here to take the quiz!

General Stats

  • This quiz has been taken 34 times
  • The average score is 8 of 12

Answers on the Map

Answers color-coded by a green-red scale on the quiz's map according to % correct below.
Loading ...
 

Answer Stats

PopulationCity% Correct
284,355Ljubljana
100%
95,767Maribor
93%
25,611Koper
81%
37,875Celje
78%
37,463Kranj
74%
23,719Novo Mesto
67%
17,858Ptuj
67%
25,327Velenje
63%
11,194Murska Sobota
59%
13,742Kamnik
56%
13,255Jesenice
52%
13,718Trbovlje
48%

Score Distribution

Percentile by Number Answered

Percent of People with Each Score

Your Score History

You have not taken this quiz